000 02364nam0a2200409 i 4500
001 RU\NLR\bibl\1994428
005 20260407141617.0
010 _a9785982091437
_9500
021 _aRU
_b2013-2028
_9133
035 _a(nilc)RuMoRGB-006519635
035 _a(NLR Aleph) 001982878
090 _a4115502
_c4115502
100 _a20130201d2012 k y0rusy50 ca
101 0 _arus
_deng
102 _aRU
105 _ay |||||||||
200 1 _aКонституционное правосудие и реализация решений Европейского суда по правам человека
_dConstitutional Justice and implementation of decisions of the European Court of Human Rights
_fС.А. Грачева
_gИн-т законодательства и сравнит. правоведения при Правительстве Рос. Федерации
_zeng
210 _aМосква
_cИнститут законодательства и сравнительного правоведения при Правительстве Российской Федерации
_d2012
215 _a238, [1] с.
_d22
300 _aАвт. также на англ. яз.: S.A. Gracheva
320 _aБиблиогр.: с. 221-239 (212 назв.) и в подстроч. прим.
510 0 _6z77790
_aConstitutional Justice and implementation of decisions of the European Court of Human Rights
_zeng
601 0 2 _aЕвропейский Суд по правам человека
_xЗащита прав граждан
_92423663
_3RU\NLR\AUTH\661443160
610 0 _aнациональное конституционное правосудие
686 1 _aХ911.3
700 1 _4070
_aГрачева
_bС. А.
_cканд. юрид. наук
_f1985-
_gСветлана Александровна
_9128562
_3RU\NLR\AUTH\770128593
712 0 2 _4570
_aЕвропейский суд по правам человека
_3RU\NLR\AUTH\8810009806
_9517357
790 1 _4070
_7ba
_8rus
_aGračeva
_bS. A.
_cканд. юрид. наук
_f1985-
_gSvetlana Aleksandrovna
_9128567
_3RU\NLR\AUTH\770128598
801 0 _aRU
_bRuMoRKP
_c20130201
_gRCR
801 2 _aRU
_bРГБ
_c20130219
_grcr
801 1 _aRU
_bRuMoRKP
_c20130201
_2rusmarc
801 2 _aRU
_bNLR
_c20130201
_grcr
830 _aавт. по кн.
942 _cBOOK
980 _aNBR